Asien - Geografie - Quiz - Statistiken

Allgemein
  • Dieses Quiz wurde 149 mal gespielt
  • Das Durchschnittsergebnis liegt bei 10 aus 15
Antwortstatistiken
Frage Antwort % Korrekt
Welches dieser Länder liegt nicht in Asien? (Part I.) Nauru
95%
Was ist der größte Berg Japans? Fuji (Fuji-san)
89%
Welches Land (bzw. welche Insel) liegt südlich von Indien? Sri Lanka
83%
Welche dieser Sprachen ist neben Englisch Amtssprache in Indien? Hindi
78%
Welches dieser Länder liegt nicht in Asien? (Part III.) Dschibuti
75%
Russlands zweitgrößtes Nachbarland nach China ist... Kasachstan
75%
Diese 3 Gebirge liegen in Asien: Himalaya, Kaukasus & Pamir
73%
Welche Insel gehört zu Japan? Hokkaido
73%
Teheran ist die Hauptstadt... Irans
71%
Wie heißt Asiens größte Wüste? Gobi
65%
Welches dieser Länder liegt nicht in Asien? (Part II.) Papua-Neuguinea
65%
Georgiens Hauptstadt ist... Tiflis
49%
Welches dieser Länder grenzt nicht an Saudi-Arabien? Syrien
44%
Meere und Ozeane, die an Asien grenzen sind z.B. ... Mittelmeer, Rotes Meer, Arabisches Meer & Japanisches Meer
38%
Das Land mit der höchsten Bevölkerungsdichte Asiens ist... (2020) (ausgenommen sind nicht mehrheitlich anerkannte Staaten, wie Macau und Honkong) Singapur
30%
Keine übereinstimmenden Quizze gefunden
Verteilung der Resultate
Anzahl Personen mit jedem Resultat
Perzentil nach korrekt beantworteten Fragen
Ihre Resultats-Entwicklung
Sie haben dieses Quiz noch nicht gespielt